000 00289nam a22001337a 4500
008 170911b xxu||||| |||| 00| 0 eng d
020 _a0721670997
041 _aeng
080 _a52
100 _a42
101 _aAST
245 _aUNIVERSITY ASTRONOMY
_cPASACHOFF,J.M
942 _2udc
_cBK
999 _c27023
_d27023